| 000 | 00459nam a2200169Ia 4500 | ||
|---|---|---|---|
| 003 | GCL | ||
| 008 | 140319s9999 xx 000 0 eng d | ||
| 040 |
_aGCL / _cGCL |
||
| 082 | 0 | 4 |
_a305.231 _bB I |
| 100 | 1 | _aBREK, LAURA E. | |
| 245 | 1 | 0 |
_aINFANTS, CHILDREN AND ADOLESCENTS / _cBREK, LAURA E. |
| 260 |
_a[S.N] : _bALLYN AND BACON ، _c1996 |
||
| 650 | 0 | 4 | _aADOLESCENTS |
| 650 | 0 | 4 | _aINFANTS - DEVELOPMENT |
| 650 | 0 | 4 | _aCHILD - DEVELOPMENT |
| 942 |
_2ddc _cBK |
||
| 999 |
_c13019 _d13019 |
||